Initialed People BA to BZ Quiz Stats

 Plays Quiz Updated Apr 18, 2017

Challenge
Share
Tweet
Embed
Score 0/26 Timer 07:00
1 Play Today
Initials Name % Correct
BGBill Gates
95.7%
BFBenjamin Franklin
94.7%
BPBrad Pitt
94.5%
BSBritney Spears
89.7%
BOBarack Obama
87.7%
BMBill Murray
86.1%
BKBeyoncé Knowles
85.9%
BBBob Barker
85.4%
BCBill Cosby
82.8%
BIBilly Idol
75.2%
BRBetsy Ross
71%
BABryan Adams
69.8%
BWBarbara Walters
65.6%
Initials Name % Correct
BYBoris Yeltsin
58.7%
BVBob Vila
56.3%
BHBob Hope
50.6%
BQBrady Quinn
49.8%
BJBo Jackson
48.4%
BZBilly Zane
46.3%
BNBob Newhart
39.1%
BDBette Davis
38.4%
BXBenedict XVI
35%
BLBaz Luhrmann
23.9%
BEBlake Edwards
16.6%
BUBlair Underwood
14.5%
BTBarbara Tuchman
4.8%

You're not logged in!

Compare scores with friends on all Sporcle quizzes.
Join for Free
OR
Log In

You Might Also Like...

Show Comments

Extras

Top Quizzes Today


Score Distribution

Your Account Isn't Verified!

In order to create a playlist on Sporcle, you need to verify the email address you used during registration. Go to your Sporcle Settings to finish the process.

Report this User

Report this user for behavior that violates our Community Guidelines.

Details: